[Event "Petersburg Summer 2016"]
[Site "St Petersburg"]
[Date "2016.08.23"]
[Round "7.1"]
[White "Triapishko, Olexandr"]
[Black "Dilmukhametov, Artur"]
[Result "1/2-1/2"]
[WhiteElo "2466"]
[BlackElo "2333"]
[PlyCount "89"]
[EventDate "2016.08.17"]
[EventType "swiss"]
[EventCountry "RUS"]

1. e4 e6 2. d3 d5 3. Nd2 Nf6 4. Ngf3 Nc6 5. c3 a5 6. Qc2 e5 7. Be2 Be7 8. O-O
O-O 9. b3 Bg4 10. a3 Re8 11. Bb2 Bf8 12. Rfe1 Qd7 13. Rad1 Rad8 14. h3 Bh5 15.
Bf1 Qc8 16. g3 h6 17. Bg2 dxe4 18. dxe4 Bc5 19. b4 axb4 20. axb4 Bb6 21. Ra1
Qe6 22. Nh4 Ne7 23. Ndf3 Bxf3 24. Nxf3 Nc6 25. Bf1 Ra8 26. Kg2 Rxa1 27. Rxa1
Rd8 28. Bb5 Ne7 29. Ba4 c5 30. bxc5 Bxc5 31. Bb3 Qd6 32. Qe2 Nc6 33. Rd1 Qe7
34. Rxd8+ Nxd8 35. Bd5 Nxd5 36. exd5 e4 37. Nd2 f5 38. c4 Nf7 39. Nb3 Ng5 40.
Nxc5 Qxc5 41. Qh5 Kh7 42. Qe8 Nxh3 43. Kxh3 Qxf2 44. Qe5 Qf1+ 45. Kh2 1/2-1/2

[Event "Petersburg Summer 2016"]
[Site "St Petersburg"]
[Date "2016.08.23"]
[Round "7.2"]
[White "Usmanov, Vasily"]
[Black "Pershin, Denis"]
[Result "1-0"]
[WhiteElo "2423"]
[BlackElo "2325"]
[PlyCount "79"]
[EventDate "2016.08.17"]
[EventType "swiss"]
[EventCountry "RUS"]

1. c4 Nf6 2. Nc3 e6 3. e4 d5 4. e5 d4 5. exf6 dxc3 6. bxc3 Qxf6 7. Nf3 e5 8.
Bd3 Bg4 9. Be4 Nd7 10. Bxb7 Rb8 11. Bd5 c6 12. Be4 Nc5 13. Qe2 Nxe4 14. Qxe4
Bxf3 15. Qxf3 Qxf3 16. gxf3 Bc5 17. Ke2 f5 18. d3 Kf7 19. Rd1 f4 20. d4 Bd6 21.
Kd3 Kf6 22. c5 Bc7 23. Kc4 Rhe8 24. d5 cxd5+ 25. Rxd5 e4 26. fxe4 Rxe4+ 27. Rd4
Kf5 28. f3 Re1 29. Bxf4 Rxa1 30. Bxc7 Rc8 31. Rd7 Rxa2 32. Rxg7 a5 33. Bg3 Ra8
34. c6 a4 35. c7 Rd2 36. Rxh7 Ke6 37. Rh6+ Kd7 38. Rb6 Re2 39. Rd6+ Ke7 40. Rd8
1-0

[Event "Petersburg Summer 2016"]
[Site "St Petersburg"]
[Date "2016.08.23"]
[Round "7.3"]
[White "Grigoriev, Semyon"]
[Black "Saveliev, Alexei"]
[Result "0-1"]
[WhiteElo "2132"]
[BlackElo "2339"]
[PlyCount "74"]
[EventDate "2016.08.17"]
[EventType "swiss"]
[EventCountry "RUS"]

1. d4 Nf6 2. c4 e6 3. Nc3 Bb4 4. Qc2 d5 5. cxd5 exd5 6. Bg5 O-O 7. e3 h6 8. Bh4
c5 9. Nf3 Nc6 10. a3 Bxc3+ 11. bxc3 c4 12. h3 g5 13. Bg3 Ne4 14. Be2 Bf5 15.
Qb2 Qb6 16. Qxb6 axb6 17. Nd2 Nxc3 18. Bf3 Bd3 19. Rc1 Rxa3 20. Bd6 Rfa8 21.
Bxa3 Rxa3 22. h4 Nb4 23. Bd1 Nxd1 24. Kxd1 Na2 25. Rc2 Nc3+ 26. Rxc3 Rxc3 27.
Nf3 Ra3 28. Kd2 b5 29. hxg5 hxg5 30. e4 Bxe4 31. Nxg5 Bg6 32. g4 b4 33. f4 Rd3+
34. Ke2 Rxd4 35. Ke3 Rd3+ 36. Ke2 Be4 37. Ra1 Ra3 0-1

[Event "Petersburg Summer 2016"]
[Site "St Petersburg"]
[Date "2016.08.23"]
[Round "7.4"]
[White "Orlov, Oleg"]
[Black "Apryshko, Gleb"]
[Result "0-1"]
[WhiteElo "2289"]
[BlackElo "2335"]
[PlyCount "82"]
[EventDate "2016.08.17"]
[EventType "swiss"]
[EventCountry "RUS"]

1. Nf3 Nf6 2. c4 e6 3. g3 a6 4. Nc3 Nc6 5. d4 Bb4 6. Bg2 b6 7. Bd2 Bb7 8. O-O
O-O 9. Qc2 Na5 10. b3 Bxc3 11. Bxc3 Be4 12. Qd2 Nb7 13. Rac1 Re8 14. Qf4 d6 15.
g4 h6 16. h4 d5 17. Ne5 Bxg2 18. Kxg2 Qe7 19. g5 Ne4 20. gxh6 Qf6 21. Bd2 c5
22. Nd7 Qd8 23. Ne5 f6 24. Ng4 Re7 25. Rg1 e5 26. dxe5 fxe5 27. Qe3 Nxd2 28.
Qxd2 dxc4 29. Qg5 Rd7 30. h7+ Kxh7 31. Qh5+ Kg8 32. Kh1 cxb3 33. Nh6+ Kf8 34.
Qf5+ Ke8 35. Qh5+ Kf8 36. Nf5 b2 37. Qh8+ Kf7 38. Qxg7+ Ke6 39. Qg6+ Qf6 40.
Ng7+ Rxg7 41. Qxg7 Qxg7 0-1

[Event "Petersburg Summer 2016"]
[Site "St Petersburg"]
[Date "2016.08.23"]
[Round "7.5"]
[White "Lesovoi, Evgenij"]
[Black "Lovkov, Roman"]
[Result "1/2-1/2"]
[WhiteElo "2295"]
[BlackElo "2451"]
[PlyCount "84"]
[EventDate "2016.08.17"]
[EventType "swiss"]
[EventCountry "RUS"]

1. d4 Nf6 2. c4 e6 3. Nc3 Bb4 4. e3 c5 5. Nf3 Nc6 6. Bd3 Bxc3+ 7. bxc3 d6 8. e4
e5 9. d5 Ne7 10. O-O Ng6 11. Ne1 O-O 12. g3 Bh3 13. Ng2 Ne8 14. Rb1 b6 15. a4
Qd7 16. Qc2 Rb8 17. a5 Nc7 18. axb6 axb6 19. Bd2 Rb7 20. Rb2 Rfb8 21. Rfb1 Qc8
22. Ne3 Ne7 23. Qd1 Bd7 24. Qf3 Ne8 25. Nf5 Nxf5 26. exf5 b5 27. cxb5 c4 28.
Bc2 Rxb5 29. Rxb5 Rxb5 30. Rxb5 Bxb5 31. g4 h6 32. h4 f6 33. g5 hxg5 34. hxg5
fxg5 35. Bxg5 Qb7 36. Qg2 Qf7 37. f4 exf4 38. Bxf4 Nf6 39. Bxd6 Qxd5 40. Qxd5+
Nxd5 41. Be5 Kf7 42. Kf2 Bd7 1/2-1/2

[Event "Petersburg Summer 2016"]
[Site "St Petersburg"]
[Date "2016.08.23"]
[Round "7.6"]
[White "Kuznetsov, Felix"]
[Black "Vlasenko, Miroslav"]
[Result "1/2-1/2"]
[WhiteElo "2150"]
[BlackElo "2423"]
[PlyCount "188"]
[EventDate "2016.08.17"]
[EventType "swiss"]
[EventCountry "RUS"]

1. f4 d5 2. Nf3 c5 3. g3 g6 4. Bg2 Bg7 5. O-O Nf6 6. d3 b6 7. Ne5 Bb7 8. c4 O-O
9. Nc3 Nbd7 10. Nxd7 Qxd7 11. e4 dxc4 12. dxc4 Qd4+ 13. Qxd4 cxd4 14. Nd5 Nxd5
15. exd5 Rfc8 16. b3 b5 17. Ba3 bxc4 18. bxc4 d3 19. Rab1 Bd4+ 20. Kh1 Rab8 21.
Bxe7 Rxc4 22. Rfd1 Bb6 23. Rxd3 Rc2 24. Bf3 Rf2 25. Rbd1 Re8 26. Bf6 Rxa2 27.
R3d2 Rxd2 28. Rxd2 Re3 29. Kg2 Kf8 30. Bd4 Bxd4 31. Rxd4 Rb3 32. Kf2 Ke7 33.
Ra4 Rb2+ 34. Ke3 Rb3+ 35. Kf2 a6 36. d6+ Ke6 37. Bxb7 Rxb7 38. Rxa6 Rb2+ 39.
Kf3 Rxh2 40. Ra7 Rd2 41. Re7+ Kf6 42. Rd7 Rd3+ 43. Kf2 h5 44. Kg2 Ke6 45. Re7+
Kf6 46. Rd7 Rd5 47. Kf3 Rf5 48. Ke4 Ke6 49. Rd8 Ra5 50. Rf8 Ra4+ 51. Kf3 Ra7
52. g4 hxg4+ 53. Kxg4 Kxd6 54. Re8 Ra5 55. Re1 Kd7 56. Re2 Rf5 57. Re1 Rf6 58.
Kg5 Re6 59. Ra1 Ke7 60. Ra5 Re1 61. Ra7+ Kf8 62. Kf6 Re6+ 63. Kg5 Kg7 64. Ra4
Re1 65. Kg4 Rf1 66. Ra5 Kh6 67. Ra7 f6 68. Rf7 f5+ 69. Kg3 Ra1 70. Rb7 Ra3+ 71.
Kh4 Rf3 72. Rb4 Rf1 73. Kg3 Kh5 74. Rb7 Rg1+ 75. Kf3 Rf1+ 76. Kg3 Rg1+ 77. Kf3
Kh6 78. Ra7 Rh1 79. Kg3 Rb1 80. Ra3 Kh5 81. Rc3 Rg1+ 82. Kh2 Rg4 83. Rh3+ Rh4
84. Kg3 Rxh3+ 85. Kxh3 Kh6 86. Kh4 Kg7 87. Kg3 Kf8 88. Kf3 Kf7 89. Ke3 Kf6 90.
Kf3 Ke6 91. Ke3 Ke7 92. Kd3 Kd7 93. Kc3 Ke6 94. Kd4 Kf6 1/2-1/2

[Event "Petersburg Summer 2016"]
[Site "St Petersburg"]
[Date "2016.08.23"]
[Round "7.7"]
[White "Pasiev, Rakhim"]
[Black "Bazeev, German"]
[Result "1-0"]
[WhiteElo "2407"]
[BlackElo "2288"]
[PlyCount "91"]
[EventDate "2016.08.17"]
[EventType "swiss"]
[EventCountry "RUS"]

1. e4 c5 2. Nf3 Nc6 3. Bb5 g6 4. Bxc6 dxc6 5. d3 Bg7 6. h3 Nf6 7. O-O O-O 8.
Nc3 b6 9. Be3 e5 10. a3 Qe7 11. Qd2 Rd8 12. Bh6 c4 13. Bxg7 Kxg7 14. Qg5 cxd3
15. cxd3 Re8 16. d4 h6 17. Qxe5 Qxe5 18. dxe5 Nd7 19. Rfd1 Nxe5 20. Nxe5 Rxe5
21. f4 Re7 22. Rd6 Bb7 23. e5 c5 24. Rad1 Rae8 25. Kf2 Ba8 26. g3 Bb7 27. h4 g5
28. Rf6 g4 29. Nb5 Bc8 30. Nd6 Rf8 31. Ke3 Be6 32. h5 b5 33. Rd2 b4 34. axb4
cxb4 35. f5 Bb3 36. Kf4 a5 37. Rd4 Rb8 38. Rg6+ fxg6 39. f6+ Kf8 40. fxe7+ Kxe7
41. hxg6 Be6 42. Nf5+ Bxf5 43. Kxf5 Rf8+ 44. Kxg4 Ke6 45. Rd6+ Kxe5 46. Ra6 1-0

[Event "Petersburg Summer 2016"]
[Site "St Petersburg"]
[Date "2016.08.23"]
[Round "7.8"]
[White "Abramov, Nikita"]
[Black "Karasev, Vladimir I"]
[Result "1-0"]
[WhiteElo "2276"]
[BlackElo "2367"]
[PlyCount "111"]
[EventDate "2016.08.17"]
[EventType "swiss"]
[EventCountry "RUS"]

1. e4 c5 2. Nf3 d6 3. Bb5+ Nd7 4. d4 cxd4 5. Qxd4 a6 6. Bc4 e6 7. O-O Qc7 8.
Re1 Ngf6 9. Bf1 e5 10. Qd1 b5 11. a4 b4 12. c3 Bb7 13. Nfd2 bxc3 14. Nxc3 Be7
15. Nc4 O-O 16. f3 Rfd8 17. Be3 d5 18. exd5 Nc5 19. b4 Nxd5 20. Nxd5 Rxd5 21.
Qb1 Nd7 22. Rc1 Qb8 23. Bd3 e4 24. Bxe4 Rh5 25. Bxb7 Qxb7 26. Na5 Qxb4 27. Nc6
Qd6 28. Qe4 Bf8 29. Bf4 Qd5 30. Ne7+ Bxe7 31. Qxe7 Nf8 32. Bg3 Qd4+ 33. Kh1 Rd5
34. Qb7 Rdd8 35. h3 Ne6 36. Qb3 h5 37. Qc4 a5 38. Qxd4 Rxd4 39. Be1 Rd5 40.
Rab1 Rd4 41. Ra1 g5 42. Rcb1 g4 43. fxg4 hxg4 44. hxg4 Rxg4 45. Rb5 Nd4 46. Rh5
Rc8 47. Bxa5 Nb3 48. Ra2 Rcc4 49. Bd8 Kg7 50. a5 Rce4 51. Rh3 Nc1 52. Raa3 Ne2
53. a6 Re8 54. a7 Rxd8 55. a8=Q Rxa8 56. Rxa8 {unreadable} 1-0

[Event "Petersburg Summer 2016"]
[Site "St Petersburg"]
[Date "2016.08.23"]
[Round "7.9"]
[White "Borisovsky, Dmitry"]
[Black "Bondarenko, Ivan"]
[Result "1-0"]
[WhiteElo "2298"]
[BlackElo "2224"]
[PlyCount "77"]
[EventDate "2016.08.17"]
[EventType "swiss"]
[EventCountry "RUS"]

1. e4 c5 2. Nf3 e6 3. d4 cxd4 4. Nxd4 a6 5. Nc3 Qc7 6. g3 Nf6 7. Bg2 d6 8. O-O
Be7 9. a4 Nc6 10. Nb3 b6 11. Be3 Nd7 12. f4 Bb7 13. Qe2 O-O 14. Rad1 Rfe8 15.
g4 Nb4 16. Qf2 Rab8 17. g5 Bf8 18. Rd2 g6 19. h4 Nc5 20. h5 Ba8 21. hxg6 hxg6
22. Qh4 Nxb3 23. cxb3 Bg7 24. Bf3 d5 25. e5 Red8 26. Bd4 Nc6 27. Ne2 b5 28. Rc2
bxa4 29. bxa4 Qa5 30. Bc5 Qxa4 31. Nd4 Qa5 32. Nxc6 Bxc6 33. Be7 Qb6+ 34. Kh1
Qb5 35. Qh3 f5 36. gxf6 Kf7 37. Bxd8 Rxd8 38. fxg7 Kxg7 39. Rh2 1-0

[Event "Petersburg Summer 2016"]
[Site "St Petersburg"]
[Date "2016.08.23"]
[Round "7.10"]
[White "Khadzhiev, Valery"]
[Black "Kukhmazov, Arsen"]
[Result "0-1"]
[WhiteElo "2174"]
[BlackElo "2399"]
[PlyCount "92"]
[EventDate "2016.08.17"]
[EventType "swiss"]
[EventCountry "RUS"]

1. d4 d5 2. Nf3 Nf6 3. e3 c5 4. Bd3 Nc6 5. O-O Bg4 6. c3 e6 7. Nbd2 Qc7 8. h3
Bh5 9. a3 cxd4 10. exd4 Bd6 11. Re1 O-O 12. Nf1 Rab8 13. Bg5 Nd7 14. Bh4 Bg6
15. Bg3 b5 16. Nh4 Bxd3 17. Qxd3 Na5 18. Nf3 Nc4 19. Re2 a5 20. Bxd6 Qxd6 21.
Ne3 Rfc8 22. Rc2 Ndb6 23. Ng5 g6 24. Ng4 Kg7 25. Qf3 Qe7 26. Qf4 Nd7 27. Re1 h5
28. Rce2 hxg4 29. Nxe6+ Kg8 30. Qxg4 Qd6 31. Qg5 Nf8 32. Nf4 Nh7 33. Qh6 Qf8
34. Qh4 g5 35. Qg3 Qd6 36. Nxd5 Qxd5 37. b3 Qd6 38. Qg4 Nxa3 39. h4 Qf4 40. Qd7
Rc7 41. Re8+ Rxe8 42. Rxe8+ Kg7 43. Qd8 Rxc3 44. g3 Qf3 45. Re1 Nc2 46. Re8 Ne3
0-1

[Event "Petersburg Summer 2016"]
[Site "St Petersburg"]
[Date "2016.08.23"]
[Round "7.11"]
[White "Sichinava, Zviad"]
[Black "Pischikov, Vadim"]
[Result "1-0"]
[WhiteElo "2298"]
[BlackElo "2162"]
[PlyCount "73"]
[EventDate "2016.08.17"]
[EventType "swiss"]
[EventCountry "RUS"]

1. d4 e6 2. c4 d5 3. Nf3 Nf6 4. g3 Be7 5. Bg2 O-O 6. O-O dxc4 7. Ne5 Nc6 8.
Bxc6 bxc6 9. Nxc6 Qe8 10. Nxe7+ Qxe7 11. Qa4 e5 12. dxe5 Qxe5 13. Qxc4 Be6 14.
Qc2 Bf5 15. Qd2 Rfe8 16. Re1 Bg4 17. Qc3 Qh5 18. f3 Bh3 19. Nd2 Rad8 20. Nc4
Bg4 21. b3 Rxe2 22. Rxe2 Bxf3 23. Rd2 Re8 24. Bb2 Bb7 25. Na5 Ba8 26. Rad1 Qh3
27. Nc6 Qe6 28. Rc2 Qg4 29. Rf1 Qe4 30. b4 a6 31. a4 h5 32. b5 Bb7 33. Rf4 Qg6
34. Rxf6 gxf6 35. Qxf6 Re1+ 36. Kf2 Qxc2+ 37. Kxe1 1-0

[Event "Petersburg Summer 2016"]
[Site "St Petersburg"]
[Date "2016.08.23"]
[Round "7.12"]
[White "Kuzmin, Egor"]
[Black "Grigoryeva, Olga A"]
[Result "0-1"]
[WhiteElo "2266"]
[BlackElo "2156"]
[PlyCount "132"]
[EventDate "2016.08.17"]
[EventType "swiss"]
[EventCountry "RUS"]

1. Nf3 Nf6 2. g3 c5 3. c4 Nc6 4. Bg2 g6 5. O-O Bg7 6. Nc3 O-O 7. d4 cxd4 8.
Nxd4 Nxd4 9. Qxd4 d6 10. Qh4 Rb8 11. Bg5 Be6 12. Rac1 Re8 13. b3 Qa5 14. Rc2
Qf5 15. e4 Qg4 16. Qxg4 Nxg4 17. Nb5 Rbc8 18. Nxa7 Rc5 19. Bd2 Bd7 20. a4 Ra8
21. Nb5 Bxb5 22. axb5 Bd4 23. h3 Ne5 24. Kh2 Nd3 25. f4 Ra3 26. Rb1 Rc7 27. Bf3
b6 28. Be2 Nc5 29. Bb4 Raa7 30. Bf3 Nd3 31. Bd2 Ra3 32. Be2 Nc5 33. Bb4 Raa7
34. Rd1 Nxb3 35. Rd3 Na1 36. Rcd2 Rxc4 37. Rxd4 Rxd4 38. Rxd4 Nc2 39. Rc4 Nxb4
40. Kg2 Ra2 41. Kf1 Nc2 42. Rc7 Nd4 43. Bg4 Nxb5 44. Rxe7 Ra7 45. Re8+ Kg7 46.
Rb8 Nc3 47. Bf3 b5 48. Rb6 Re7 49. Rxd6 Nxe4 50. Rb6 Nxg3+ 51. Kg2 Ne2 52. f5
gxf5 53. Rxb5 Nd4 54. Rd5 Nxf3 55. Kxf3 Kg6 56. Rd6+ Re6 57. Rd7 Rb6 58. Kg3
Rb3+ 59. Kh4 f4 60. Kg4 Rg3+ 61. Kh4 Rg2 62. Rd5 f6 63. Ra5 f3 64. Ra3 f2 65.
Ra1 Rg1 66. Rxg1+ fxg1=N 0-1

[Event "Petersburg Summer 2016"]
[Site "St Petersburg"]
[Date "2016.08.23"]
[Round "7.13"]
[White "Manin, Viktor"]
[Black "Fraiman, Dmitry"]
[Result "0-1"]
[WhiteElo "2159"]
[BlackElo "2241"]
[PlyCount "58"]
[EventDate "2016.08.17"]
[EventType "swiss"]
[EventCountry "RUS"]

1. d4 d5 2. Nf3 Nf6 3. c4 c6 4. e3 e6 5. Bd3 Nbd7 6. O-O dxc4 7. Bxc4 b5 8. Bd3
a6 9. e4 c5 10. Bg5 Be7 11. e5 Nd5 12. Bxe7 Qxe7 13. Nc3 Nxc3 14. bxc3 Bb7 15.
Qe2 O-O 16. a4 b4 17. cxb4 cxb4 18. a5 Rfd8 19. Be4 Nf8 20. Rfc1 Ng6 21. Qe3
Rab8 22. Ng5 b3 23. Rab1 Bxe4 24. Nxe4 Qb4 25. Nd6 b2 26. Rc2 Qxa5 27. Qd2 Qa2
28. Qd1 Rb4 29. Rd2 a5 0-1

[Event "Petersburg Summer 2016"]
[Site "St Petersburg"]
[Date "2016.08.23"]
[Round "7.14"]
[White "Artamonov, Valery"]
[Black "Azimov, Ilyas"]
[Result "1-0"]
[WhiteElo "2240"]
[BlackElo "2136"]
[PlyCount "83"]
[EventDate "2016.08.17"]
[EventType "swiss"]
[EventCountry "RUS"]

1. Nf3 e6 2. g3 Nf6 3. Bg2 a6 4. O-O b5 5. a4 Bb7 6. axb5 axb5 7. Rxa8 Bxa8 8.
Na3 b4 9. Nc4 Be7 10. d3 O-O 11. c3 Nc6 12. Qc2 d5 13. Ne3 Qd7 14. d4 Rb8 15.
Rd1 Qc8 16. Bd2 Qa6 17. c4 b3 18. Qc1 Nb4 19. cxd5 Na2 20. Qxc7 Bd6 21. Qc4 Qc8
22. dxe6 Qxe6 23. Qxe6 fxe6 24. Bh3 Re8 25. Ng5 Bd5 26. f3 h6 27. Nxd5 exd5 28.
Ne6 Kf7 29. Nc5 Rb8 30. Bf5 g6 31. Bb1 h5 32. Nxb3 Rxb3 33. Bxa2 Rxb2 34. Bb1
g5 35. e4 Bb8 36. e5 Nd7 37. Bf5 Nf8 38. Bxg5 Ba7 39. Be3 Ne6 40. g4 Rb4 41.
Bxe6+ Kxe6 42. gxh5 1-0

[Event "Petersburg Summer 2016"]
[Site "St Petersburg"]
[Date "2016.08.23"]
[Round "7.15"]
[White "Zavgorodniaya, Alena"]
[Black "Pyatin, Alexander"]
[Result "1/2-1/2"]
[WhiteElo "1937"]
[BlackElo "2204"]
[PlyCount "102"]
[EventDate "2016.08.17"]
[EventType "swiss"]
[EventCountry "RUS"]

1. e4 Nf6 2. e5 Nd5 3. d4 d6 4. c4 Nb6 5. exd6 exd6 6. Nc3 Be7 7. Bd3 O-O 8.
Nge2 Bf6 9. O-O Nc6 10. b3 Re8 11. Be3 Bg4 12. Qd2 d5 13. c5 Nc8 14. h3 Bxe2
15. Nxe2 N8e7 16. b4 a6 17. a4 Qc8 18. b5 axb5 19. axb5 Rxa1 20. Rxa1 Nd8 21.
Nf4 g6 22. Ra7 c6 23. bxc6 Ndxc6 24. Ra4 Qd7 25. Qa2 Rb8 26. Bb5 Kg7 27. Nd3 g5
28. Ne5 Qe6 29. Qd2 h6 30. h4 Nxe5 31. dxe5 Qxe5 32. Rg4 Qf5 33. Rg3 Qb1+ 34.
Bf1 Nf5 35. hxg5 hxg5 36. Rh3 Nxe3 37. fxe3 Rd8 38. Qe2 d4 39. e4 Rh8 40. e5
Be7 41. Rd3 Bxc5 42. e6 f6 43. Qf3 Bd6 44. Rb3 Qc2 45. Qxb7+ Bc7 46. Ra3 d3 47.
Qa7 d2 48. Rd3 d1=Q 49. Rxd1 Qxd1 50. Qxc7+ Kg6 51. Qa7 Rh1+ 1/2-1/2

[Event "Petersburg Summer 2016"]
[Site "St Petersburg"]
[Date "2016.08.23"]
[Round "7.16"]
[White "Dragun, Valentin"]
[Black "Kolomensky, Vladimir"]
[Result "1/2-1/2"]
[WhiteElo "2151"]
[BlackElo "2196"]
[PlyCount "50"]
[EventDate "2016.08.17"]
[EventType "swiss"]
[EventCountry "RUS"]

1. e4 c5 2. Nf3 e6 3. d4 cxd4 4. Nxd4 a6 5. Bd3 Bc5 6. Nb3 Be7 7. Qg4 g6 8. Qe2
d6 9. O-O Nd7 10. Nc3 Qc7 11. Be3 b6 12. f4 Bb7 13. f5 gxf5 14. exf5 e5 15. Be4
Ngf6 16. Bxb7 Qxb7 17. Rad1 Rg8 18. Rd2 h5 19. Qf3 e4 20. Qe2 Ne5 21. Kh1 Rc8
22. Rd4 Nc6 23. Rd2 Ne5 24. Rd4 Nc6 25. Rd2 Ne5 1/2-1/2

[Event "Petersburg Summer 2016"]
[Site "St Petersburg"]
[Date "2016.08.23"]
[Round "7.17"]
[White "Pogosian, Vladimir"]
[Black "Filyanin, Daniil"]
[Result "0-1"]
[WhiteElo "2178"]
[BlackElo "2098"]
[PlyCount "198"]
[EventDate "2016.08.17"]
[EventType "swiss"]
[EventCountry "RUS"]

1. e4 c6 2. d4 d5 3. e5 c5 4. dxc5 Nc6 5. Nf3 Bg4 6. Be2 e6 7. Bf4 Bxf3 8. Bxf3
Bxc5 9. h4 Nge7 10. h5 Qb6 11. O-O Qxb2 12. Nd2 Nxe5 13. Be2 Qd4 14. g3 N7c6
15. Rb1 Bb6 16. Be3 Qc3 17. Rb3 Qa5 18. Rb5 Qxa2 19. Bxb6 axb6 20. Rxb6 O-O 21.
Rxb7 Nd4 22. f4 Nxe2+ 23. Qxe2 Nc6 24. Nb3 Qb2 25. Qd3 Ra2 26. Rf2 Qf6 27. Kg2
Na5 28. Rb5 Nxb3 29. Qxb3 Ra1 30. Rb8 Ra8 31. Rb4 Rac8 32. c4 dxc4 33. Rxc4
Rxc4 34. Qxc4 Qf5 35. Qe2 h6 36. Qf3 Rd8 37. g4 Qb1 38. f5 e5 39. f6 g6 40. Qe3
Rd4 41. Qf3 Qb4 42. Kh3 e4 43. Qf4 g5 44. Qf5 Qb8 45. Kg2 e3 46. Re2 Rd2 47.
Rxd2 exd2 48. Qd7 d1=Q 49. Qxd1 Qb2+ 50. Kg3 Qxf6 51. Qc1 Kg7 52. Qe3 Qa1 53.
Qe4 Qc3+ 54. Kg2 Kf6 55. Qf5+ Ke7 56. Qf2 Qc6+ 57. Kg3 Qd5 58. Qe3+ Kd7 59. Qc3
Ke6 60. Qc8+ Ke7 61. Qc7+ Kf6 62. Qb6+ Kg7 63. Qb2+ f6 64. Qc2 Qe5+ 65. Kg2 Qe8
66. Qd3 Qa8+ 67. Kg3 Qb8+ 68. Kg2 Qb7+ 69. Kg3 Kf8 70. Qd6+ Qe7 71. Qd3 Qe5+
72. Kg2 Qe6 73. Kg3 Ke7 74. Kh3 Qe1 75. Kg2 Qb4 76. Kh3 Qf4 77. Qa3+ Ke6 78.
Qb3+ Ke5 79. Qb8+ Ke4 80. Qb1+ Ke3 81. Qb3+ Ke2 82. Qb5+ Kd1 83. Qb3+ Ke2 84.
Qb5+ Kf3 85. Qc6+ Kf2 86. Qc2+ Kf3 87. Qc6+ Ke2 88. Qa6+ Kf2 89. Qa2+ Kf3 90.
Qg2+ Ke3 91. Qg1+ Qf2 92. Qc1+ Qd2 93. Qc5+ Ke2 94. Kg2 Kd1+ 95. Kh3 Qd3+ 96.
Kh2 Qc2+ 97. Qxc2+ Kxc2 98. Kg2 Kd3 99. Kf3 Kd4 0-1

[Event "Petersburg Summer 2016"]
[Site "St Petersburg"]
[Date "2016.08.23"]
[Round "7.19"]
[White "Afanasiev, Nikita"]
[Black "Zaykov, Sergey"]
[Result "1/2-1/2"]
[WhiteElo "2349"]
[BlackElo "2156"]
[PlyCount "118"]
[EventDate "2016.08.17"]
[EventType "swiss"]
[EventCountry "RUS"]

1. f3 e5 2. Nh3 d5 3. Nf2 Bc5 4. e3 Nc6 5. c3 Nf6 6. d4 Bd6 7. Bd3 O-O 8. O-O
h6 9. a3 Ne7 10. e4 Ng6 11. exd5 exd4 12. Bxg6 fxg6 13. Qxd4 Re8 14. c4 c6 15.
Bf4 Bxf4 16. Qxf4 cxd5 17. c5 b6 18. Qd4 Ba6 19. Rd1 Qe7 20. Nc3 Qxc5 21. Qxc5
bxc5 22. Nxd5 Nxd5 23. Rxd5 Re2 24. Rxc5 Rxb2 25. Rc6 Rb6 26. Rac1 Bb7 27. Rc7
Rd8 28. h4 Rb2 29. Ng4 Rdd2 30. Ne3 Re2 31. Re7 Rb3 32. Nf5 Rxe7 33. Nxe7+ Kf7
34. Rc7 g5 35. hxg5 hxg5 36. Nc6+ Kf6 37. Nb4 a5 38. Rxb7 axb4 39. axb4 Kf5 40.
Kf2 g6 41. Rb6 g4 42. Rb5+ Kf6 43. fxg4 g5 44. Rf5+ Kg6 45. b5 Rb4 46. Kg3 Rb3+
47. Kh2 Rb4 48. Kh3 Rb3+ 49. g3 Rb2 50. Rc5 Kf6 51. Rc6+ Kg7 52. b6 Kh7 53.
Rc7+ Kg6 54. Rb7 Kh6 55. Rb8 Kg7 56. b7 Kh7 57. Re8 Rxb7 58. Kg2 Rb6 59. Kf3
Kg6 1/2-1/2

[Event "Petersburg Summer 2016"]
[Site "St Petersburg"]
[Date "2016.08.23"]
[Round "7.20"]
[White "Vunder, Andrey"]
[Black "Kuzmin, Yuriy"]
[Result "1-0"]
[WhiteElo "2138"]
[BlackElo "2275"]
[PlyCount "49"]
[EventDate "2016.08.17"]
[EventType "swiss"]
[EventCountry "RUS"]

1. d4 g6 2. e4 Bg7 3. Nf3 d6 4. c3 Nf6 5. Bd3 O-O 6. O-O Nbd7 7. Re1 e5 8. Bg5
h6 9. Bh4 g5 10. Bg3 Nh5 11. Nbd2 Nf4 12. Bf1 h5 13. dxe5 dxe5 14. h3 Nc5 15.
Nc4 Qe7 16. Ne3 c6 17. Qc2 Be6 18. h4 g4 19. Ng5 Rad8 20. Bxf4 exf4 21. Nd5 Qd7
22. e5 f5 23. exf6 Bxf6 24. Nxf6+ Rxf6 25. Rad1 1-0

[Event "Petersburg Summer 2016"]
[Site "St Petersburg"]
[Date "2016.08.23"]
[Round "7.21"]
[White "Melnikov, Dmitry"]
[Black "Puraev, Artemiy"]
[Result "0-1"]
[WhiteElo "2262"]
[BlackElo "2179"]
[PlyCount "120"]
[EventDate "2016.08.17"]
[EventType "swiss"]
[EventCountry "RUS"]

1. e4 e6 2. d4 d5 3. Nc3 Nf6 4. Bg5 dxe4 5. Nxe4 Nbd7 6. Nf3 Be7 7. Bxf6 gxf6
8. Qd2 f5 9. Nc3 c6 10. O-O-O Qc7 11. Bd3 b6 12. Rhe1 Bb7 13. Kb1 Nf8 14. d5
cxd5 15. Bb5+ Kd8 16. Ba4 Ng6 17. Ng5 Bxg5 18. Qxg5+ Kc8 19. Nb5 Qd8 20. Qg3 f4
21. Qa3 Kb8 22. c4 Qe7 23. Qb3 dxc4 24. Qxc4 a6 25. Nd4 b5 26. Bxb5 axb5 27.
Qxb5 Qe8 28. Qb4 Ra6 29. Nb5 Qe7 30. Qxe7 Nxe7 31. Rd7 Nf5 32. Rxf7 Nd6 33.
Nxd6 Rxd6 34. Rxf4 Bxg2 35. Rh4 Rc8 36. Rc1 Rxc1+ 37. Kxc1 Rd7 38. a4 Bd5 39.
Kc2 Rf7 40. Rb4+ Rb7 41. Rxb7+ Kxb7 42. f4 Bc6 43. Kb3 Kb6 44. Kb4 Bf3 45. h4
Bd1 46. b3 Be2 47. Kc3 Ka5 48. Kd4 Bd1 49. Kc4 Be2+ 50. Kc5 Bg4 51. Kc4 Kb6 52.
Kc3 Kc5 53. b4+ Kd5 54. a5 Be2 55. Kd2 Ba6 56. Ke3 h5 57. f5 exf5 58. Kf4 Ke6
59. Kg5 Ke5 60. Kxh5 Kf6 0-1

[Event "Petersburg Summer 2016"]
[Site "St Petersburg"]
[Date "2016.08.23"]
[Round "7.22"]
[White "Emdin, Mark"]
[Black "Nasybullina, Alfia"]
[Result "1-0"]
[WhiteElo "2247"]
[BlackElo "2141"]
[PlyCount "83"]
[EventDate "2016.08.17"]
[EventType "swiss"]
[EventCountry "RUS"]

1. e4 e6 2. d3 d5 3. Nd2 Nf6 4. Ngf3 Be7 5. g3 dxe4 6. dxe4 b6 7. Bg2 Bb7 8.
Qe2 Nc6 9. O-O Qd7 10. Nc4 O-O-O 11. Nce5 Nxe5 12. Nxe5 Qe8 13. a4 a5 14. Be3
h5 15. c3 Ng4 16. Nxg4 hxg4 17. Qxg4 Qg8 18. Rfd1 Qh7 19. Rxd8+ Bxd8 20. h4 g5
21. Bxg5 Rg8 22. e5 Bxg2 23. Kxg2 Bxg5 24. hxg5 Rh8 25. Rd1 Qh2+ 26. Kf3 Qh7
27. g6 fxg6 28. Qxe6+ Kb8 29. Qf6 Qh5+ 30. Ke3 Ka7 31. Rd7 Rc8 32. e6 Qh1 33.
e7 Qe1+ 34. Kf3 Qh1+ 35. Kf4 g5+ 36. Qxg5 Qe1 37. f3 Qe6 38. Rd8 Qc4+ 39. Ke3
Qf1 40. Rxc8 Qc1+ 41. Ke4 Qxg5 42. e8=Q 1-0

[Event "Petersburg Summer 2016"]
[Site "St Petersburg"]
[Date "2016.08.23"]
[Round "7.23"]
[White "Markelova, Lubov"]
[Black "Gnidenko, Andrey"]
[Result "1/2-1/2"]
[WhiteElo "2108"]
[BlackElo "2204"]
[PlyCount "175"]
[EventDate "2016.08.17"]
[EventType "swiss"]
[EventCountry "RUS"]

1. Nf3 Nf6 2. c4 g6 3. Nc3 Bg7 4. e4 d6 5. d4 O-O 6. Be2 Na6 7. O-O c5 8. d5
Nc7 9. h3 a6 10. a4 Rb8 11. Qc2 Bd7 12. a5 b5 13. axb6 Rxb6 14. Be3 Qb8 15.
Rfb1 Bh8 16. Ne1 Rb4 17. f4 Bc8 18. Nd3 Rb7 19. e5 Nd7 20. Ne4 f5 21. Ng5 dxe5
22. fxe5 Nxe5 23. Nxc5 Rb4 24. Bf2 f4 25. Nf3 Bf5 26. Nd3 Rxc4 27. Qd2 Nxf3+
28. Bxf3 Bd4 29. Rc1 Bxd3 30. Qxd3 Bxf2+ 31. Kxf2 Qxb2+ 32. Qe2 Qxe2+ 33. Kxe2
Rxc1 34. Rxc1 Nb5 35. Kd3 Nd6 36. Rc7 Nf5 37. Ra7 Rf6 38. Bg4 Kf7 39. Ke4 Ng7
40. h4 h6 41. Be2 Nf5 42. Bxa6 Nxh4 43. Bc4 Kf8 44. Ra8+ Kg7 45. Ra7 Nf5 46.
Ke5 Rb6 47. Bd3 Rf6 48. Bc4 Rf8 49. d6 Nxd6 50. Rxe7+ Nf7+ 51. Kxf4 Kg8 52. Kg3
Kg7 53. Bxf7 Rxf7 54. Re6 Ra7 55. Rb6 h5 56. Rc6 Ra4 57. Rc7+ Kh6 58. Rc6 Rg4+
59. Kf3 Kg5 60. Rc5+ Kh4 61. Ra5 Rb4 62. Rd5 Rb3+ 63. Kf2 g5 64. Rd4+ g4 65.
Rc4 Rb2+ 66. Kg1 Rd2 67. Ra4 Kg3 68. Ra3+ Kf4 69. Ra4+ Ke3 70. Kh2 Rd4 71. Ra3+
Kf4 72. Ra1 Kg5 73. Ra5+ Kg6 74. Rb5 Rf4 75. Ra5 Rf5 76. Ra6+ Kg5 77. Ra4 Rb5
78. Ra1 Kh4 79. Ra4 Kg5 80. Ra1 h4 81. Kg1 g3 82. Rf1 Rb4 83. Ra1 Kg4 84. Rf1
h3 85. gxh3+ Kxh3 86. Ra1 Rb3 87. Rc1 Rb2 88. Ra1 1/2-1/2